Formuła 1 - składy zespołów 2014 - Statystyki

Ogólne statystyki
  • Ten quiz został rozwiązany 90 razy
  • Średni wynik to 19 z 24
Statystyki odpowiedzi
Zespół Kraj Zawodnik Rundy % Poprawnych
Mercedes W.Brytania Lewis Hamilton
100%
Ferrari Hiszpania Fernando Alonso
99%
Niemcy Nico Rosberg
97%
Red Bull Niemcy Sebastian Vettel
97%
Force India Meksyk Sergio Perez
97%
Williams Brazylia Felipe Massa
96%
Finlandia Kimi Raikkonen
96%
Australia Daniel Ricciardo
92%
Dania Kevin Magnussen
92%
McLaren W.Brytania Jenson Button
91%
Niemcy Nico Hulkenberg
89%
Finlandia Valtteri Bottas
89%
Rosja Daniil Kvyat
86%
Lotus Francja Romain Grosjean
83%
Wenezuela Pastor Maldonado
80%
Japonia Kamui Kobayashi 1-11, 13-16, 19
72%
Marussia Francja Jules Bianchi 1-15
70%
Caterham Szwecja Marcus Ericsson 1-16
68%
Meksyk Esteban Gutierrez
64%
Sauber Niemcy Adrian Sutil
57%
Toro Rosso Francja Jean-Eric Vergne
53%
W.Brytania Max Chilton 1-16
42%
W.Brytania Will Stevens 19
24%
Niemcy Andre Lotterer 12
20%
Nie znaleziono quizów pasujących do podanych kryteriów
Rozkład punktacji
Procent ludzi z każdym wynikiem
Percentyl według liczby udzielonych odpowiedzi
Twoja historia wyników
Nie rozwiązałeś tego quizu